| 000 | 00405pab a2200169 454500 | ||
|---|---|---|---|
| 008 | 180718b1997 xxu||||| |||| 00| 0 eng d | ||
| 100 | _aNaswa, Sumedha | ||
| 245 | _aNon-formal education in rural India | ||
| 260 | _c1997 | ||
| 300 | _ap.24,59 | ||
| 362 | _aSep | ||
| 650 | _aEducation - India | ||
| 650 | _aRural education - India | ||
| 650 | _aEducation | ||
| 773 | _aKurukshetra | ||
| 909 | _a35527 | ||
| 999 |
_c35527 _d35527 |
||